Datum a čas kvízu
27
Celkem bodů
Celkový počet nahraných bodů na tomto kvízu bez doplňovacích otázek.
6.
Pořadí na kvízu
Konečné umístění týmu na tomto kvízu.
Zaznamenané odpovědi
| # | Otázka | Odpověď | Body | Výsledky |
|---|---|---|---|---|
| 1. | Pouhé modlení už nestačí. Býva... | Koláček | 1 | |
| 2. | Nedostačují Vám čísla a písmen... | smajlíky (emotikony) | 1 | |
| 3. | Svět módy přišel v úterý o svo... | C | 1 | |
| 4. | Jak se nazývá země, jejíž auto... | Izrael | 0 | |
| 5. | Úřadující mistr světa v automo... | Zlatý volant | 1 | |
| 6. | Cestovatel Miroslav Zikmund os... | Tatra 87 | 0 | |
| 7. | Na začátku své výpravy, dne 8.... | Casablanca, Maroko | 1 | |
| 8. | Dne 28. ledna 1948 vztyčili ce... | C | 1 | |
| 9. | V prvním červencovém týdnu se... | Buenos Aires | 1 | |
| 10. | V Kongu zažili Zikmund s Hanze... | zrození sopky (Vovokvabiti) | 0 |